000 00964nam a2200301 a 4500
001 4214049
003 NUST - PNEC
005 20170116181016.0
008 811010s1979 enka b 001 0 eng
010 _a 81169943
015 _aGB***
020 _a0855014520
040 _cLIBRARY
082 0 0 _a502.854 CAR
100 1 _aCarrick, Alan.
245 1 0 _aComputers and instrumentation :
_ba practical handbook of measurement, interfacing and control circuits /
_cAlan Carrick.
260 _aLondon ;
_aPhiladelphia :
_bHeyden,
_cc1979.
300 _axii, 327 p. :
_bill. ;
_c24 cm.
440 0 _aHeyden international topics in science
504 _aIncludes bibliographies and index.
650 0 _aScientific apparatus and instruments.
_xME
650 0 _aPhysical measurements.
650 0 _aComputers.
650 0 _aComputer interfaces.
650 0 _aInterface circuits.
906 _a7
_bcbc
_corignew
_d2
_encip
_f19
_gy-gencatlg
942 _2ddc
_cBK
999 _c67271
_d67271